| 000 | 00362nam a22001457a 4500 | ||
|---|---|---|---|
| 020 | _a81-7826-326-2 | ||
| 082 | _a823ROH/3 | ||
| 245 |
_aTHE BREMEN TOWN MUSICIANS _bSHORT STORY |
||
| 246 |
_aTHE BREMEN TOWN MUSICIANS _bSHORT STORY |
||
| 250 | _a2003 | ||
| 260 |
_aDELHI _bROHAN BOOK COMPANY _c2003 |
||
| 300 | _a215 | ||
| 520 | _aCHILDRENS SHORT STORY | ||
| 942 | _cBK | ||
| 999 |
_c392 _d392 |
||